| 000 | 01542nam a2200289Ia 4500 | ||
|---|---|---|---|
| 999 |
_c35337 _d35337 |
||
| 001 | 1189 | ||
| 003 | GE_BSU | ||
| 005 | 20250417172350.0 | ||
| 008 | 181216s1962||||ge |||||||||||||| ||geo|| | ||
| 040 | _cGE_BSU | ||
| 041 | _ageo | ||
| 080 | _a 632.7 : 595.7(075.8) ე–69 | ||
| 100 |
_aკალანდაძე, ლ. _96059 |
||
| 245 |
_aენტომოლოგია. ნ.2. : _bსას.-სამ. კულტურის მავნებლები / _cლ. კალანდაძე, ირ. ბათიაშვილი, ნ. ალექსიძე, გ. ყანჩაველი; ირ. ბათიაშვილის საერთო რედ. |
||
| 264 |
_aთბილისი : _bსას.-სამ. ინ-ტის გამ-ბა და სტ., _c 1962. |
||
| 300 |
_a391გვ.: _b ილ.; _c24 სმ. |
||
| 504 | _aბიბლიოგრაფია: გვ. 386. | ||
| 541 | _h15ლ. | ||
| 653 | _aენტომოლოგია | ||
| 653 | _aსასოფლო-სამეურნეო კულტურების მავნებლები | ||
| 700 |
_aკალანდაძე, ლ. _eავტორი _96059 |
||
| 700 |
_aბათიაშვილი, ირ. _eავტორი _911544 |
||
| 700 |
_aქარუმიძე, ს. _e ავტორი _924875 |
||
| 700 |
_aყანჩაველი, გ. _eავტორი _924876 |
||
| 700 |
_aბათიაშვილი, ირ. _eრედაქტორი _911544 |
||
| 942 |
_cBK _2udc |
||